000 00755nam a22002055i 4500
001 156644
003 ES-MaACL
005 20230906210450.0
008 040803s1843 po |||| | prt d
040 _aCAM
_bspa
_cCAM
100 1 _aKock, Paul de (
_d1793-1871)
_9152765
245 1 2 _aA leiteira de Montfermeil /
_c[Paulo de Kock ; traducção de Nery].
260 _aLisboa :
_b[s.n.],
_c1843 (
_fTypographia Neryana)
300 _a2 v. (238, [2] ; 252, [2] p.) ;
_c15 cm.
490 1 _aRomances de Paulo de Kock
594 _aDatos de autor y trad. constan en antep.
830 0 _aRomances de Paulo de Kock
_9221700
852 _aES-MaACL
_jD-3866
_z-- Enc. piel
_z-- Legado de Modesto de la Fuente
_z-- Enc. 2 t. en 1 v.
999 _c156644
_d156644